| 000 | 00749nam a2200217 a 4500 | ||
|---|---|---|---|
| 001 | BRCA_3932 | ||
| 005 | 20190320204500.0 | ||
| 008 | 110110s1945----mx-a######---#000-0#spa-# | ||
| 041 | _aspa | ||
| 044 | _amx | ||
| 050 | 4 |
_aF1386 _b.G37 1945 |
|
| 100 | 1 |
_aGarcía Cubas, Antonio _d1832-1912. _98182 |
|
| 245 | 1 | 0 |
_aEl libro de mis recuerdos _bnarraciones históricas, anecdóticas y de costumbres mexicanas anteriores al actual estado social, ilustradas con más de trecientos fotograbados _cAntonio García Cubas. |
| 260 |
_aMéxico _bPatria _c1945 |
||
| 300 |
_a635 p. _bil. _c30 cm. |
||
| 500 | _aC83 | ||
| 651 | 4 |
_aMéxico (Ciudad) _vDescripción _910032 |
|
| 651 | 4 |
_aMéxico _vVida social y costumbres. _910039 |
|
| 902 | _aGFM | ||
| 942 |
_2lcc _cB |
||
| 999 |
_c3659 _d3659 |
||